|
|
|
|
| LEADER |
00000cac a2200000 a 4500 |
| 001 |
72350 |
| 003 |
Ucuenca |
| 005 |
20230308163006.0 |
| 008 |
000000|1952 ag |||||r|||||||||||spa|| |
| 040 |
|
|
|b spa
|
| 041 |
1 |
|
|a spa
|
| 082 |
0 |
|
|a 666.94
|
| 100 |
1 |
|
|a Waganoff, Nicolás páginas:
|9 236110
|
| 245 |
1 |
1 |
|a Asbestocemento: fibrocemento
|c Nicolás P. Waganoff
|h imp
|
| 264 |
|
|
|a Buenos Aires
|b Librería del Colegio
|c 1952
|
| 300 |
|
|
|a 270 páginas:
|b gra
|c 21 cm
|
| 490 |
|
|
|a Tratados técnicos
|
| 504 |
|
|
|a incl. ref.
|
| 650 |
1 |
|
|a Asbestocemento
|9 37961
|
| 650 |
1 |
|
|a Cemento
|9 32886
|
| 650 |
|
|
|a Tecnologia del cemento
|9 34410
|
| 650 |
1 |
0 |
|a Materiales de construcción
|9 19598
|
| 852 |
|
|
|a UC-CDJBV
|f Compra
|l 1
|m General
|p 00000000
|q 45,00
|r 2
|t 72350
|b 0
|d CDRC
|e CDRC
|g 666.94
|z 0000-00-00
|
| 942 |
|
|
|
| 999 |
|
|
|c 20085
|d 20085
|